<?xml version="1.0" encoding="UTF-8"?>
<collection xmlns="http://www.loc.gov/MARC21/slim">
 <record>
  <leader>01732nam a2200217Ia 4500</leader>
  <controlfield tag="001">CTU_185016</controlfield>
  <controlfield tag="008">210402s9999    xx            000 0 und d</controlfield>
  <datafield tag="082" ind1=" " ind2=" ">
   <subfield code="a">632.9</subfield>
  </datafield>
  <datafield tag="082" ind1=" " ind2=" ">
   <subfield code="b">L312</subfield>
  </datafield>
  <datafield tag="088" ind1=" " ind2=" ">
   <subfield code="a">60620112</subfield>
  </datafield>
  <datafield tag="100" ind1=" " ind2=" ">
   <subfield code="a">Lê, Ngọc Trúc Linh</subfield>
  </datafield>
  <datafield tag="245" ind1=" " ind2="0">
   <subfield code="a">Đánh giá khả năng gây hại của các dòng nấm Colletotrichum Spp. Trên cây Hành lá (Allium Fistulosum L.) và bước đầu nghiên cứu phòng trừ bệnh bằng biện pháp hoá học và sinh học :</subfield>
  </datafield>
  <datafield tag="245" ind1=" " ind2="0">
   <subfield code="b">Luận văn tốt nghiệp cao học. Chuyên ngành Bảo vệ Thực vật</subfield>
  </datafield>
  <datafield tag="245" ind1=" " ind2="0">
   <subfield code="c">Lê Ngọc Trúc Linh ; Nguyễn Thị Thu Nga (Cán bộ hướng dẫn)</subfield>
  </datafield>
  <datafield tag="260" ind1=" " ind2=" ">
   <subfield code="a">Cần Thơ</subfield>
  </datafield>
  <datafield tag="260" ind1=" " ind2=" ">
   <subfield code="b">Trường Đại học Cần Thơ</subfield>
  </datafield>
  <datafield tag="260" ind1=" " ind2=" ">
   <subfield code="c">2013</subfield>
  </datafield>
  <datafield tag="520" ind1=" " ind2=" ">
   <subfield code="a">Nội dung đề tài nghiên cứu tìm ra dòng nấm Colletotrichum sp. gây hại nặng nhất trên hành phục vụ cho công tác nghiên cứu phòng trị. Tuyển chọn các dòng xạ khuẩn và thuốc hoá học có khả năng cao trong phòng trừ bệnh thán thư cho nấm Colletotrichum sp. trên hành lá trong điều kiện in vitro. Chọn ra thuốc hoá học, chủng xạ khuẩn và biện pháp xử lý cho hiệu quả nhất trong phòng trị bệnh thán thư trên hành lá trong điều kiện nhà lưới.</subfield>
  </datafield>
  <datafield tag="650" ind1=" " ind2=" ">
   <subfield code="a">Bệnh thán thư,Khả năng gây hại,Hành,Xạ khuẩn,Anthracnose disease,Colletotrichum spp.,Pathogenicity,Welsh onion,Actinomyces</subfield>
  </datafield>
  <datafield tag="904" ind1=" " ind2=" ">
   <subfield code="i">Thuỳ An, Trúc</subfield>
  </datafield>
  <datafield tag="980" ind1=" " ind2=" ">
   <subfield code="a">Trung tâm Học liệu Trường Đại học Cần Thơ</subfield>
  </datafield>
 </record>
</collection>
